000 00412nam a2200169 i 4500
001 bg
100 1 _aOBERBACH, Karl
245 0 _aKunststoff-Kennwerte für Konstrukteure /
_cKarl Oberbach.
260 _aMünchen :
_bCarl Hanser,
_c1975.
020 _a3446119809
040 _cBPK
041 _apol
080 _a678
920 _a3-446-11980-9
942 _cKS
008 s pl f |000 0 pol
999 _c17350
_d17350
856 _uhttp://koha.tu.koszalin.pl/cgi-bin/koha/opac-detail.pl?biblionumber=17350
_yKatalog online BPK